[Event "Croce di Magara op"]
[Site "Camigliatello"]
[Date "2005.09.18"]
[Round "8"]
[White "Grande, Pasquale"]
[Black "Ielapi, Vito"]
[Result "0-1"]
[WhiteElo "2085"]
[BlackElo "1971"]
[PlyCount "39"]
[EventDate "2005.09.10"]
[EventType "swiss"]
[EventRounds "9"]
[EventCountry "ITA"]
[SourceTitle "EXT 2007"]
[Source "ChessBase"]
[SourceDate "2006.11.23"]
[SourceVersion "1"]
[SourceVersionDate "2006.11.23"]
[SourceQuality "1"]

1. d4 d5 2. Nf3 Nf6 3. e3 Bg4 4. Be2 e6 5. 0-0 Bd6 6. h3 Bh5 7. b3 Nbd7 8. Bb2 0-0 9. Nbd2 c6 10. Ne5 Bg6 11. c4 Rc8 12. c5 Bb8 13. b4 Ne4 14. Rc1 Qc7 15. Ndf3 f6 16. Nd3 Ng5 17. Nf4 Rce8 18. g3 Be4 19. h4 Nxf3+ 20. Bxf3 0-1

[Event "Croce di Magara op"]
[Site "Camigliatello"]
[Date "2005.09.11"]
[Round "3"]
[White "Ljubisavljevic, Zivojin Z"]
[Black "Grande, Pasquale"]
[Result "1-0"]
[WhiteElo "2261"]
[BlackElo "2085"]
[PlyCount "53"]
[EventDate "2005.09.10"]
[EventType "swiss"]
[EventRounds "9"]
[EventCountry "ITA"]
[SourceTitle "EXT 2007"]
[Source "ChessBase"]
[SourceDate "2006.11.23"]
[SourceVersion "1"]
[SourceVersionDate "2006.11.23"]
[SourceQuality "1"]

1. b3 e5 2. Bb2 Nc6 3. e3 d5 4. Bb5 f6 5. d4 e4 6. c4 Bb4+ 7. Kf1 a6 8. Bxc6+ bxc6 9. c5 a5 10. a3 Ba6+ 11. Ne2 f5 12. axb4 Nh6 13. Rxa5 0-0 14. Nbc3 f4 15. exf4 Ng4 16. b5 Qh4 17. Qe1 Bxb5 18. Rxa8 Rxa8 19. Nxb5 cxb5 20. h3 Ra2 21. Bc1 Ra1 22. g3 Qh5 23. Kg2 Nf6 24. g4 Nxg4 25. Ng3 Qh4 26. hxg4 Qxg4 27. Qd1 1-0